|
|
|
|
| LEADER |
00000naa a2200000uu 4500 |
| 001 |
vtls010927932 |
| 003 |
SK-MaSNL |
| 005 |
20260302130732.0 |
| 008 |
210824|2000 xo |||||||||||||||||eng| |
| 015 |
|
|
|a SNBRA
|
| 035 |
|
|
|a (urnnbn)urn:nbn:sk:snk:ar-a0b1cs
|
| 035 |
|
|
|a (uuid)b2822ca8-a3d5-4e43-85d7-2e03e7d9b892
|
| 035 |
|
|
|a urn:nbn:sk:snk-aattxc
|
| 040 |
|
|
|a SNKBUCL
|b slo
|c SNKBUCL
|e AACR2
|
| 041 |
0 |
|
|a eng
|
| 044 |
|
|
|a xo
|c SK
|
| 100 |
1 |
|
|a Pop, Nicolae
|4 aut
|9 814782
|
| 245 |
1 |
0 |
|a THE EXISTENCE OF A SOLUTION OF THE EQUATION MODELLING THE DYNAMIC CONTACT PROBLEM
|c Nicolae Pop
|
| 773 |
0 |
|
|t International scientific conference on mathematics
|d Košice : Vienala, 2000, 2000
|g S. [152]-155
|z 8088922151
|
| 958 |
|
|
|a OND
|
| 958 |
|
|
|a article11
|
| 958 |
|
|
|a chapter
|
| 999 |
|
|
|c 1301921
|d 1303851
|